header

Therapy skills for healthcare (Record no. 126728)

MARC details
000 -LEADER
fixed length control field 01224nam a2200301 a 4500
100 1# - MAIN ENTRY--AUTHOR NAME
Personal name Forrest, Caroline.
245 10 - TITLE STATEMENT
Title Therapy skills for healthcare
260 ## - PUBLICATION, DISTRIBUTION, ETC. (IMPRINT)
Place of publication Keswick [England] :
Name of publisher M&K Update,
Year of publication 2011.
300 ## - PHYSICAL DESCRIPTION
Number of Pages x, 76 p. :
Other physical details ill.
650 #0 - SUBJECT ADDED ENTRY--TOPICAL TERM
Topical Term Psychiatric hospital care.
Topical Term Mentally ill
700 1# - ADDED ENTRY--PERSONAL NAME
Personal name Firenza, Caroline.
856 40 - ELECTRONIC LOCATION AND ACCESS
Uniform Resource Identifier http://site.ebrary.com/lib/rucke/Doc?id=10459627

No items available.

© 2026 Rongo University
Contact us: librarian | system librarian | Rongo university